|
|
|
|
| LEADER |
00000cam a2200000 a 4500 |
| 001 |
vtls009280673 |
| 003 |
SK-MaSNL |
| 005 |
20260301081554.0 |
| 008 |
240318s2008 xr o e 000 0 cze |
| 020 |
|
|
|a 9788024723969
|q (brož.)
|
| 040 |
|
|
|a SNK
|b slo
|c SNK
|e AACR2
|
| 041 |
0 |
|
|a cze
|
| 044 |
|
|
|a xr
|c CZ
|
| 072 |
|
7 |
|a 316
|x Sociológia
|2 konspekt
|
| 080 |
|
|
|a 316
|2 2001
|
| 080 |
|
|
|a (075)
|2 2001
|
| 100 |
1 |
|
|a Novotná, Eliška,
|d 1944-
|4 aut
|9 112687
|
| 245 |
1 |
0 |
|a Základy sociologie
|c Eliška Novotná
|
| 250 |
|
|
|a 1. vyd.
|
| 260 |
|
|
|a Praha
|b Grada
|c 2008
|
| 300 |
|
|
|a 191 s.
|b fotogr., sch.
|c 21 cm
|
| 650 |
0 |
7 |
|a sociológia
|2 SNKPH
|9 1010
|
| 650 |
0 |
7 |
|a Sociology
|2 SNKPHeng
|9 265226
|
| 655 |
|
7 |
|a učebnice
|2 SNKPH
|9 22521
|
| 655 |
|
7 |
|a Textbooks
|2 SNKPHeng
|9 276731
|
| 852 |
|
|
|a Štátna vedecká knižnica v Banskej Bystrici
|
| 919 |
|
|
|a 978-80-247-2396-9
|
| 999 |
|
|
|c 656231
|d 658161
|
| 952 |
|
|
|t snkNOV 316
|a SNKUST
|b SNKUST
|y PREZ
|7 0
|p 17A1029352
|o snkIC 141416
|i snk2014/17760
|8 3
|g 10.11
|0 0
|1 0
|4 0
|d 2014-08-28
|l 0
|r 2025-04-29 00:00:00
|w 2026-02-23
|